El decomiso Innovaciones, deficiencias y limitaciones en su regulacin̤ sustantiva y procesal /

Detalles Bibliográficos
Autor principal: Garrido Carrillo, Francisco Javier
Formato: eBook
Lenguaje:español
Publicado: Madrid: Dykinson, 2019
Materias:
Acceso en línea:Acceso restringido

MARC

LEADER 00000nam a22000007a 4500
005 20190829133146.0
007 cr|||| ||||
008 190829s2019 es |||||s|||| 00||0 spa d
020 |a 978-84-1324-199-9 
035 |a 24166 
040 |a vLex 
090 |c 9329  |d 9329 
100 1 |a Garrido Carrillo, Francisco Javier 
245 1 2 |a El decomiso  |h [Recurso electrn̤ico] :  |b Innovaciones, deficiencias y limitaciones en su regulacin̤ sustantiva y procesal /  |c Francisco Javier Garrido Carrillo 
256 |a Servicio en ln̕ea 
260 |a Madrid:  |b Dykinson,  |c 2019 
300 |a 1 recurso electrn̤ico 
500 |a En esta obra, lleva a cabo el autor un estudio integral del decomiso, pues las reformas llevadas a cabo no han sido meras actualizaciones, sino que han supuesto un nuevo marco de regulacin̤, presentando ml︢tiples insuficiencias y limitaciones. Parte el autor de la configuracin̤ de la institucin̤ en la UE concretada en la Directiva 2014/42/UE que reunifica y armoniza el marco jurd̕ico europeo en la materia, para a continuacin̤ abordar la regulacin̤ sustantiva de nuestro Cd̤igo Penal modificado por la LO 1/2015. Esta primera parte de la obra se culmina con el anl̀isis del sistema de indicios establecido que se proyecta sobre la carga de la prueba, afectando directamente a la presuncin̤ de inocencia. En la segunda parte se aborda la reforma procesal de nuestra LECr operada por la LO 41/2015, que configura un procedimiento de decomiso autn̤omo como un proceso penal especial, con ml︢tiples contradicciones e incoherencias, en el que es necesario analizar el papel del MF y de la ORGA. Y por l︢timo, se trata la nueva regulacin̤ de la intervencin̤ en el proceso de terceros afectados por el decomiso, a los que no se les da la condicin̤ plena de parte, y por lo tanto no les alcanzan las garanta̕s y derechos que le sera̕n propios. En definitiva la nueva regulacin̤ del decomiso se inserta en una polt̕ica de decomiso total, en la que se han sacrificado derechos y garanta̕s constitucionales bs̀icas en favor de la eficacia, intentado el legislador huir del m̀bito penal para situarse en un espacio civil, olvidando que el decomiso es una sancin̤ de naturaleza penal, que ha de imponerse por un juez penal en el marco de un proceso penal respetando los derechos y garanta̕s bs̀icas de dicho proceso: la presuncin̤ de inocencia, el juicio debido, el derecho a la contradiccin̤ y el derecho de defensa. 
506 1 |a Disponible solo en los productos indicados  |d vLex Global  |d vLex Global (Academic Edition, excluding Law Schools)  |d vLex Global (U.S. Academic Edition, Law Schools)  |d vLex Global (U.S. Academic Edition, excluding Law Schools)  |d vLex Global (Academic Edition, Law Schools) 
650 0 4 |a Derecho Penal  |z Espaą 
650 0 4 |a Procedimiento Penal  |z Espaą 
740 0 |a vLex Libros (Servicio en ln̕ea) 
856 4 0 |u http://vlex.com/source/decomiso-innovaciones-deficiencias-y-limitaciones-en-su-regulacion-sustantiva-y-procesal-24166  |z Acceso restringido 
942 |c BOOK 
999 0 |a Criminal Law 
999 0 |a Criminal Procedure